Diseño y construcción de sensores optoelectrónicos para medir el flujo de granos en transportadores horizontales
Na minha lista:
| Autor principal: | |
|---|---|
| Outros Autores: | |
| Formato: | Livro |
| Idioma: | Spanish |
| Publicado em: |
[San José, Costa Rica] : [Universidad de Costa Rica, Facultad de Ingeniería, Instituto de Investigaciones en Ingeniería]
2001
|
| Tags: |
Adicionar Tag
Sem tags, seja o primeiro a adicionar uma tag!
|
MARC
| LEADER | 00000nam a2200000Ia 4500 | ||
|---|---|---|---|
| 003 | PI0079 | ||
| 005 | 20240424142703.0 | ||
| 008 | 140114s2001 cr a 000 ||spa d | ||
| 040 | |c cru CEDI | ||
| 100 | |a Marín Naranjo, Luis Diego, 1960- |9 1721 | ||
| 245 | |a Diseño y construcción de sensores optoelectrónicos para medir el flujo de granos en transportadores horizontales | ||
| 260 | |a [San José, Costa Rica] : [Universidad de Costa Rica, Facultad de Ingeniería, Instituto de Investigaciones en Ingeniería] |c 2001 | ||
| 500 | |a Informe final No. 731-A1-086 | ||
| 700 | |a Barboza Mora, Ronny, 1964-2023 |9 2983 | ||
| 942 | |c PI |h PI-79 |i PI0079 |6 PI_79_PI0079 | ||
| 999 | |c 13012 |d 13012 | ||
